000 00783nam a2200241 i 4500
001 139247
003 ES-MaACL
005 20250701212936.0
007 t|
008 070214s1955 sp r ||||1| spa d
100 1 _aSciacca, Michele Federico.
_9104923
245 1 0 _aSan Agustín /
_cMichele Federico Sciacca ; versión española del R. P. Ulpiano Alvarez Díez, O. S. A.
250 _a1ª ed.
260 _aBarcelona :
_bLuis Miracle,
_c1955.
300 _a1 v. 6 lám. ;
_c22 cm.
490 1 _aBiblioteca Filosófica ;
_v9
600 0 4 _aAgustín
_cSanto, Obispo de Hipona.
_9125563
650 _aPatrística.
_915895
700 1 _aAlvarez Díez, Ulpiano.
_920798
830 0 0 _aBiblioteca filosófica
_v9
_9179275
852 _aES-MaACL
_jP-821
999 _c139247
_d139247